[Event "Katernberg 3- Horst Emscher 2"]
[Site "?"]
[Date "2023.04.16"]
[Round "7.8"]
[White "Shelukie, Magd"]
[Black "Schmitz, Edgar"]
[Result "0-1"]
[WhiteElo "1899"]
[BlackElo "1615"]
[PlyCount "76"]
[SourceDate "2022.10.02"]

1. e4 d5 2. exd5 Qxd5 3. Nc3 Qa5 4. d4 Nf6 5. Bc4 Nc6 6. Nge2 Bg4 7. O-O O-O-O
8. Be3 e6 9. a3 Bd6 10. Nb5 Nd5 11. b4 Qb6 12. Qd2 a6 13. Nxd6+ Rxd6 14. c3
Nce7 15. Bd3 Nxe3 16. fxe3 Bf5 17. c4 Rd7 18. Kh1 Bxd3 19. Qxd3 Ng6 20. Qe4 Qd6
21. Nc3 f5 22. Qf3 Nh4 23. Qf2 g5 24. Rad1 Ng6 25. d5 Qe5 26. Rd3 Rhd8 27. Rfd1
Ne7 28. e4 Kb8 29. exf5 Qxf5 30. Rf3 Qg4 31. Rd4 Qh5 32. g4 Qg6 33. Rf6 Qg7 34.
Rxe6 Rf8 35. Qe3 Rf1+ 36. Kg2 Qf7 37. Rd2 Qf4 38. Rxe7 Rxe7 0-1

[Event "Hamm- Bottrop"]
[Site "?"]
[Date "2023.04.16"]
[Round "7.1"]
[White "Stadtmann, Jens"]
[Black "Frombach, Ralf"]
[Result "1/2-1/2"]
[WhiteElo "2215"]
[BlackElo "2199"]
[PlyCount "47"]
[SourceDate "2022.10.02"]

1. c4 Nf6 2. Nc3 c5 3. g3 e6 4. Nf3 d5 5. cxd5 Nxd5 6. Bg2 Nc6 7. O-O Nf6 8. d3
Bd7 9. d4 cxd4 10. Nxd4 Nxd4 11. Qxd4 Bc6 12. Qxd8+ Rxd8 13. Bxc6+ bxc6 14. Be3
a6 15. Rac1 Ng4 16. Bb6 Rd2 17. Na4 Bd6 18. Rxc6 Kd7 19. Rc4 Ne5 20. Rd4 Rxe2
21. Kg2 Nc6 22. Rd3 Ne5 23. Rd4 Nc6 24. Rd3 1/2-1/2

[Event "Hamm- Bottrop"]
[Site "?"]
[Date "2023.04.16"]
[Round "7.2"]
[White "Happel, Heiner"]
[Black "Boehm, Joachim"]
[Result "0-1"]
[WhiteElo "2220"]
[BlackElo "2231"]
[PlyCount "106"]
[SourceDate "2022.10.02"]

1. Nf3 d5 2. d4 Nf6 3. c4 e6 4. Nc3 Be7 5. Bg5 O-O 6. e3 h6 7. Bxf6 Bxf6 8.
cxd5 exd5 9. b4 c6 10. Qb3 Be6 11. Rd1 Qd6 12. Be2 Nd7 13. O-O Rac8 14. h3 Bd8
15. Qb1 Bc7 16. e4 dxe4 17. Nxe4 Qf4 18. Nc3 Nb6 19. Qc1 Nd5 20. Nxd5 Bxd5 21.
Qxf4 Bxf4 22. Rfe1 Rfe8 23. Bd3 a6 24. a3 Rcd8 25. Ne5 Bb3 26. Rb1 Be6 27. Nf3
Bd5 28. Kf1 Kf8 29. Rxe8+ Kxe8 30. Ne1 Ba2 31. Ra1 Be6 32. Nf3 Kf8 33. Rd1 Bb3
34. Rb1 Bd5 35. Ne1 g6 36. Nc2 Bd2 37. Rd1 Bc3 38. g4 Bb3 39. Rb1 Be6 40. Rd1
Bb2 41. Ke2 Ba2 42. Ke3 Bc3 43. f3 Re8+ 44. Kf2 Bb3 45. Rb1 Bxc2 46. Bxc2 Bxd4+
47. Kf1 Re3 48. Rb3 Rxb3 49. Bxb3 b5 50. Ke2 Bb2 51. a4 Bc3 52. axb5 axb5 53.
Bc2 Ke7 0-1

[Event "Hamm- Bottrop"]
[Site "?"]
[Date "2023.04.16"]
[Round "7.3"]
[White "Ruhmann, Gabriel"]
[Black "Dargel, Manuel"]
[Result "1/2-1/2"]
[WhiteElo "1744"]
[BlackElo "2175"]
[PlyCount "53"]
[SourceDate "2022.10.02"]

1. Nf3 c5 2. c4 Nc6 3. g3 d6 4. Bg2 Bd7 5. Nc3 Nf6 6. d3 Qc8 7. h3 g6 8. Bd2
Bg7 9. Qc1 h5 10. a3 Nd4 11. Nxd4 cxd4 12. Nb5 Bc6 13. Bxc6+ Qxc6 14. O-O h4
15. g4 Nxg4 16. hxg4 h3 17. f3 a6 18. a4 f5 19. g5 axb5 20. axb5 Rxa1 21. bxc6
Rxc1 22. Rxc1 bxc6 23. b4 Kd7 24. Ra1 Rb8 25. Kh2 Be5+ 26. f4 Bg7 27. Kxh3
1/2-1/2

[Event "Hamm- Bottrop"]
[Site "?"]
[Date "2023.04.16"]
[Round "7.4"]
[White "Prueß, Wilfried"]
[Black "Masberg, Stefan"]
[Result "1/2-1/2"]
[WhiteElo "2113"]
[BlackElo "2099"]
[PlyCount "42"]
[SourceDate "2022.10.02"]

1. e4 d6 2. d4 g6 3. Nc3 Bg7 4. Be3 Nf6 5. f3 O-O 6. Bc4 c6 7. Bb3 Nbd7 8. Nge2
b5 9. Qd2 Nb6 10. O-O a5 11. a3 Ba6 12. Rfb1 Qc7 13. Ba2 b4 14. Nd1 Nc4 15.
Bxc4 Bxc4 16. b3 Bxe2 17. Qxe2 Nd7 18. c4 c5 19. Qd2 cxd4 20. Bxd4 Bxd4+ 21.
Qxd4 Qc5 1/2-1/2

[Event "Hamm- Bottrop"]
[Site "?"]
[Date "2023.04.16"]
[Round "7.5"]
[White "Gierse, Heinz- Dieter"]
[Black "Schmidt, Ingo"]
[Result "0-1"]
[WhiteElo "2063"]
[BlackElo "2017"]
[PlyCount "102"]
[SourceDate "2022.10.02"]

1. Nf3 d5 2. g3 g6 3. Bg2 Bg7 4. d3 e5 5. Nbd2 Ne7 6. O-O O-O 7. c4 c6 8. Rb1
Qa5 9. a3 f5 10. e4 Kh8 11. cxd5 cxd5 12. exd5 Qxd5 13. Re1 e4 14. dxe4 fxe4
15. Nxe4 Qxd1 16. Rxd1 Bg4 17. Rd3 Nbc6 18. Bf4 h6 19. b4 Bf5 20. Nfd2 g5 21.
Bd6 Rfd8 22. Rbb3 Ng6 23. Bc5 Nge5 24. Rxd8+ Rxd8 25. Nd6 Be6 26. Re3 Bg8 27.
f4 gxf4 28. gxf4 Ng6 29. f5 Nge7 30. Bxc6 Nxc6 31. Re8 Rxe8 32. Nxe8 Bb2 33.
Be3 Bd5 34. Bxh6 Bxa3 35. b5 Bc5+ 36. Kf1 Ne7 37. Nf6 Bf7 38. Nde4 Bb4 39. Be3
Nxf5 40. Bxa7 Bc4+ 41. Kf2 Bxb5 42. Nd5 Ba3 43. Ne3 Nxe3 44. Kxe3 Kh7 45. Bc5
Bc1+ 46. Kd4 Kg6 47. Bd6 Bb2+ 48. Nc3 Bc6 49. Kc4 Kf5 50. Nd5 Ke6 51. Kb3 Bxd5+
0-1

[Event "Hamm- Bottrop"]
[Site "?"]
[Date "2023.04.16"]
[Round "7.6"]
[White "Paduch, Alexander"]
[Black "Nowacki, Marcus"]
[Result "1/2-1/2"]
[WhiteElo "1995"]
[BlackElo "1803"]
[PlyCount "48"]
[SourceDate "2022.10.02"]

1. e4 Nf6 2. e5 Nd5 3. d4 d6 4. c4 Nb6 5. exd6 cxd6 6. Nf3 Bf5 7. Bd3 Qc8 8. b3
g6 9. O-O Bg7 10. Bb2 O-O 11. Na3 Nc6 12. Nc2 e5 13. Bxf5 Qxf5 14. Ne3 Qd7 15.
dxe5 dxe5 16. c5 Qxd1 17. Raxd1 Nc8 18. Rd7 b6 19. Ba3 bxc5 20. Bxc5 Nb6 21.
Bxf8 Nxd7 22. Bxg7 Kxg7 23. Rd1 Nb6 24. Kf1 Rc8 1/2-1/2

[Event "Hamm- Bottrop"]
[Site "?"]
[Date "2023.04.16"]
[Round "7.7"]
[White "Huestegge, Ulrich"]
[Black "Klaus, Michael"]
[Result "1-0"]
[WhiteElo "1907"]
[BlackElo "1939"]
[PlyCount "53"]
[SourceDate "2022.10.02"]

1. c4 c5 2. Nc3 Nc6 3. g3 Nf6 4. Bg2 g6 5. d3 Bg7 6. e4 d6 7. Nge2 e5 8. O-O
O-O 9. h3 h6 10. f4 exf4 11. Nxf4 Rb8 12. Be3 Ne5 13. Qd2 Kh7 14. Rf2 Bd7 15.
Raf1 b5 16. b3 b4 17. Ncd5 Nxd5 18. Nxd5 f5 19. exf5 Bxf5 20. d4 Nd7 21. dxc5
Nxc5 22. g4 Be6 23. Rxf8 Bxf8 24. Bd4 Be7 25. Qe2 Qd7 26. Bxc5 Bxd5 27. Bxd5
1-0

[Event "Hamm- Bottrop"]
[Site "?"]
[Date "2023.04.16"]
[Round "7.8"]
[White "Sporkert, Corina"]
[Black "Liebig, Martin"]
[Result "1-0"]
[WhiteElo "1780"]
[BlackElo "1849"]
[Annotator "daniel"]
[PlyCount "85"]
[SourceDate "2022.10.02"]

1. e4 e6 2. d4 d5 3. exd5 exd5 4. Nf3 Bd6 5. Bd3 Ne7 6. O-O O-O 7. c3 Bf5 8.
Bxf5 Nxf5 9. Qd3 Qd7 10. Nbd2 f6 11. Re1 Na6 12. Nf1 Rae8 13. Bd2 c6 14. Ng3
Nxg3 15. hxg3 Nc7 16. Nh4 Rxe1+ 17. Rxe1 Re8 $11 18. Kf1 g6 19. b3 Kf7 20. Nf3
Rxe1+ 21. Nxe1 Qe6 22. Be3 Qe4 23. Qd2 h5 24. Nf3 b6 25. Qc1 Qd3+ 26. Kg1 Nb5
27. Bd2 Ba3 28. Qa1 Qc2 29. Qe1 Bb2 30. Qe3 Bxc3 31. Bxc3 Nxc3 32. Qh6 Ke6 33.
Qg7 a5 $11 34. Nh4 Ne2+ 35. Kh2 Qb1 36. Qg8+ Kd7 37. Qf7+ Kd8 38. Qxf6+ Kd7 39.
Nf3 Qc2 40. Ne5+ Kc7 41. Qe7+ Kb8 42. Nd7+ Ka7 43. Nc5+ 1-0

[Event "Eichlinghofen- Unser Fritz"]
[Site "?"]
[Date "2023.04.16"]
[Round "7.1"]
[White "Distelrath, Oliver"]
[Black "Watzlawek, Markus"]
[Result "1/2-1/2"]
[WhiteElo "1913"]
[BlackElo "2101"]
[PlyCount "69"]
[SourceDate "2022.10.02"]

1. e4 c5 2. Nc3 a6 3. f4 e6 4. Nf3 d5 5. Be2 dxe4 6. Nxe4 Nf6 7. d3 Nc6 8. O-O
Be7 9. Kh1 O-O 10. Qe1 Bd7 11. Bd2 Nd4 12. Bd1 Qc7 13. Ne5 Rad8 14. a4 Nc6 15.
Nxd7 Rxd7 16. Bc3 Nd5 17. Bd2 Nd4 18. Qg3 c4 19. Qf2 Nf5 20. Be2 Nf6 21. Bc3
cxd3 22. Bxd3 Ng4 23. Qe2 Nge3 24. Rf3 Nd5 25. Be5 Qc6 26. Nc3 Nxc3 27. Bxc3
Nd4 28. Bxd4 Rxd4 29. f5 Rxa4 30. Rxa4 Qxa4 31. fxe6 fxe6 32. Qxe6+ Kh8 33.
Rxf8+ Bxf8 34. Qf7 Qb4 35. Bc4 1/2-1/2

[Event "Eichlinghofen- Unser Fritz"]
[Site "?"]
[Date "2023.04.16"]
[Round "7.2"]
[White "Brockmann, Michael"]
[Black "Nowicki, Heiko"]
[Result "0-1"]
[WhiteElo "2107"]
[BlackElo "2064"]
[PlyCount "66"]
[SourceDate "2022.10.02"]

1. d4 g6 2. c4 Bg7 3. Nc3 d6 4. e4 Nf6 5. Be2 O-O 6. Bg5 Na6 7. h4 e5 8. d5 c6
9. a3 h6 10. Be3 Nc5 11. Bf3 a5 12. Rb1 cxd5 13. cxd5 Bd7 14. b4 axb4 15. axb4
Na4 16. Nxa4 Bxa4 17. Qd2 Rc8 18. Rb2 Kh7 19. g4 Bd7 20. g5 Ng4 21. Bxg4 Bxg4
22. gxh6 Bf6 23. Bg5 Bxg5 24. hxg5 f5 25. f3 Bh5 26. Rb3 fxe4 27. fxe4 Rf4 28.
Ne2 Bxe2 29. Kxe2 Qxg5 30. Kd1 Qg4+ 31. Ke1 Rxe4+ 32. Re3 Qg3+ 33. Ke2 Rxe3+
0-1

[Event "Eichlinghofen- Unser Fritz"]
[Site "?"]
[Date "2023.04.16"]
[Round "7.3"]
[White "Rutz, Dirk"]
[Black "Schuette, Tobias"]
[Result "1-0"]
[WhiteElo "2006"]
[BlackElo "1858"]
[PlyCount "87"]
[SourceDate "2022.10.02"]

1. c4 f5 2. Nc3 Nf6 3. g3 g6 4. Bg2 Bg7 5. d3 d6 6. e4 O-O 7. Nge2 e5 8. O-O
Nc6 9. Rb1 a5 10. a3 Be6 11. Nd5 h6 12. b4 axb4 13. axb4 Qd7 14. b5 Nd8 15. b6
c6 16. Nc7 Rb8 17. Qc2 fxe4 18. dxe4 Bh3 19. c5 Bxg2 20. Kxg2 dxc5 21. Be3 Nf7
22. Rfd1 Qc8 23. Bxc5 Ng5 24. Ng1 Rf7 25. f3 Bf8 26. Bd6 Bxd6 27. Rxd6 Qf8 28.
Rbd1 Kh7 29. h4 Ngxe4 30. fxe4 Ng4 31. Qc3 Rf2+ 32. Kh3 Rh2+ 33. Kxg4 h5+ 34.
Kg5 Qh6+ 35. Kf6 Rf2+ 36. Nf3 Rxf3+ 37. Qxf3 Qf8+ 38. Kg5 Qxf3 39. Rd7+ Kg8 40.
R1d3 Qxe4 41. Kh6 Qf5 42. Rg7+ Kf8 43. Rdd7 e4 44. Rh7 1-0

[Event "Eichlinghofen- Unser Fritz"]
[Site "?"]
[Date "2023.04.16"]
[Round "7.4"]
[White "Dreier, Daniel"]
[Black "Jungbluth, Michael"]
[Result "1/2-1/2"]
[WhiteElo "1898"]
[BlackElo "2036"]
[PlyCount "119"]
[SourceDate "2022.10.02"]

1. e4 d6 2. f4 g6 3. Nf3 Bg7 4. d4 Nf6 5. Nc3 O-O 6. Bd3 c5 7. dxc5 dxc5 8. e5
Nd5 9. Nxd5 Qxd5 10. O-O Nc6 11. Ng5 h6 12. Nf3 Nb4 13. Be2 Qxd1 14. Bxd1 Bf5
15. Ne1 Rad8 16. Be3 b6 17. Rf2 f6 18. Nf3 Bg4 19. Be2 Kh7 20. Bc4 fxe5 21.
Nxe5 Bxe5 22. fxe5 Rxf2 23. Bxf2 Nxc2 24. Rf1 Rf8 25. h3 Rf4 26. Bb3 Bf5 27. g4
c4 28. gxf5 cxb3 29. fxg6+ Kxg6 30. axb3 Nd4 31. Bxd4 Rxd4 32. Ra1 Rd7 33. Rf1
Rd5 34. e6 Re5 35. Kg2 Rxe6 36. Ra1 a5 37. Rc1 Re2+ 38. Kg3 Re3+ 39. Kg4 Rxb3
40. Rc6+ Kg7 41. Rc2 a4 42. h4 b5 43. Re2 e6 44. Kh5 b4 45. Rg2+ Kh7 46. Rd2
Kg7 47. Rg2+ Kf6 48. Kxh6 a3 49. bxa3 bxa3 50. Ra2 e5 51. h5 e4 52. Rf2+ Ke5
53. Ra2 Rg3 54. Kh7 Kd4 55. h6 Kc4 56. Re2 e3 57. Kh8 Kb3 58. h7 Rh3 59. Kg8 a2
60. Re1 1/2-1/2

[Event "Eichlinghofen- Unser Fritz"]
[Site "?"]
[Date "2023.04.16"]
[Round "7.5"]
[White "Mueller, Martin"]
[Black "Wloka, Sebastian"]
[Result "0-1"]
[WhiteElo "2066"]
[BlackElo "1825"]
[PlyCount "78"]
[SourceDate "2022.10.02"]

1. e4 c5 2. Nf3 Nc6 3. d4 cxd4 4. Nxd4 Nf6 5. Nc3 e5 6. Ndb5 d6 7. Bg5 a6 8.
Na3 b5 9. Nd5 Be7 10. Bxf6 Bxf6 11. h4 Ne7 12. Be2 Nxd5 13. Qxd5 Rb8 14. Rd1
Bb7 15. Qd3 O-O 16. c4 Qa5+ 17. Kf1 b4 18. Nc2 Qxa2 19. b3 Qa5 20. Ra1 Qb6 21.
Ne3 Qd4 22. Qxd4 exd4 23. Ng4 Bxe4 24. Nxf6+ gxf6 25. Rh3 d5 26. Rg3+ Kh8 27.
Rd1 d3 28. Bxd3 Bxd3+ 29. Rgxd3 dxc4 30. bxc4 Rfc8 31. h5 h6 32. Ra1 Rxc4 33.
Ke2 a5 34. Rxa5 b3 35. Ra1 Rc2+ 36. Rd2 Re8+ 37. Kd1 b2 38. Rb1 Rc1+ 39. Rxc1
Re1+ 0-1

[Event "Eichlinghofen- Unser Fritz"]
[Site "?"]
[Date "2023.04.16"]
[Round "7.6"]
[White "Dekhtyaryuk, Dimitri"]
[Black "Rostek, Joerg"]
[Result "0-1"]
[WhiteElo "1853"]
[BlackElo "2185"]
[PlyCount "52"]
[SourceDate "2022.10.02"]

1. e4 c6 2. d4 d5 3. f3 dxe4 4. Nc3 e3 5. Bxe3 Nf6 6. Bd3 e6 7. Nge2 Nbd7 8.
O-O Be7 9. Ne4 O-O 10. c4 c5 11. Bc2 Nxe4 12. fxe4 cxd4 13. Bxd4 Qc7 14. Qd3 e5
15. Bf2 Nc5 16. Qc3 Be6 17. b3 Nd7 18. Qb2 Qa5 19. Nc3 Ba3 20. Qb1 Qxc3 21. Be1
Qb2 22. Qd1 Rad8 23. Kh1 Nc5 24. Qe2 Qxa1 25. Ba5 Qxa2 26. Bxd8 Rxd8 0-1

[Event "Eichlinghofen- Unser Fritz"]
[Site "?"]
[Date "2023.04.16"]
[Round "7.7"]
[White "Tober, Julian"]
[Black "Grewe, Markus"]
[Result "1/2-1/2"]
[WhiteElo "1789"]
[BlackElo "1688"]
[PlyCount "116"]
[SourceDate "2022.10.02"]

1. e4 e5 2. Nf3 d5 3. d4 exd4 4. Qxd4 Nf6 5. exd5 Qxd5 6. Bc4 Qxd4 7. Nxd4 Bc5
8. Nb3 Bb6 9. O-O O-O 10. a4 a5 11. Bf4 Nc6 12. N1d2 Bf5 13. c3 Rfe8 14. Bb5
Nh5 15. Bg3 Nxg3 16. hxg3 Re6 17. Nc4 Ne5 18. Nxb6 Rxb6 19. Nd4 Bg6 20. f4 Ng4
21. f5 Bh5 22. Rf4 Ne5 23. Re4 f6 24. c4 Rd6 25. c5 Rd5 26. c6 b6 27. Ne6 Ra7
28. Nf4 Rd1+ 29. Rxd1 Bxd1 30. Rd4 Bg4 31. Nd5 Kf8 32. Ne3 Bf3 33. Rd8+ Ke7 34.
Rh8 Bxc6 35. Bxc6 Nxc6 36. Rxh7 Kf7 37. Rh8 Rb7 38. Nd5 Nd4 39. Rc8 c6 40. Ne3
b5 41. Ra8 Nb3 42. Ra6 Rc7 43. Kf2 Nc5 44. Rxa5 Nxa4 45. b4 Nb2 46. Ke2 Re7 47.
Kd2 Re4 48. Ra7+ Kf8 49. Rc7 Nc4+ 50. Nxc4 Rxc4 51. Ke3 Rxb4 52. Rxc6 Rb3+ 53.
Kf4 b4 54. Rb6 Rb1 55. g4 b3 56. g5 b2 57. Kg4 Ke7 58. gxf6+ gxf6 1/2-1/2

[Event "Eichlinghofen- Unser Fritz"]
[Site "?"]
[Date "2023.04.16"]
[Round "7.8"]
[White "Behle, Burkhard"]
[Black "Goeßling, Juergen"]
[Result "1-0"]
[WhiteElo "1718"]
[BlackElo "1736"]
[PlyCount "91"]
[SourceDate "2022.10.02"]

1. d4 Nf6 2. c4 c5 3. d5 b5 4. cxb5 a6 5. bxa6 Bxa6 6. Nc3 d6 7. e4 Bxf1 8.
Kxf1 g6 9. Nge2 Bg7 10. g3 Qc8 11. Kg2 h5 12. h4 O-O 13. Bd2 Ng4 14. f3 Ne5 15.
Nf4 Nbd7 16. Qe2 c4 17. Rhc1 Nc5 18. Nd1 Qa6 19. Bc3 Ncd3 20. Nxd3 Nxd3 21.
Rcb1 f5 22. Bxg7 Kxg7 23. exf5 Rxf5 24. Ne3 Rf7 25. b3 c3 26. Nc4 Ne5 27. f4
Raf8 28. Rc1 Qb5 29. Qe4 Ng4 30. Qd4+ Kh7 31. Rxc3 Nf6 32. Rd1 Qd7 33. Ne3 Ng4
34. Re1 Nf6 35. Rec1 Qb5 36. R1c2 Ne8 37. a4 Qb7 38. Kg1 Qd7 39. Kh2 e5 40.
dxe6 Qxe6 41. Nd5 g5 42. Re3 Qg6 43. Rce2 gxh4 44. gxh4 Qg4 45. Qd3+ Kh8 46.
Rxe8 1-0

[Event "Waltrop- Annen"]
[Site "?"]
[Date "2023.04.16"]
[Round "7.1"]
[White "Wicht, Juergen"]
[Black "Gasper, Joern"]
[Result "1/2-1/2"]
[WhiteElo "2149"]
[BlackElo "2057"]
[PlyCount "79"]
[SourceDate "2022.10.02"]

1. d4 Nf6 2. c4 e6 3. Nc3 Bb4 4. Qc2 d5 5. a3 Bxc3+ 6. Qxc3 c5 7. Nf3 cxd4 8.
Nxd4 e5 9. Nc2 d4 10. Qg3 Nc6 11. Nb4 Qe7 12. Nd5 Nxd5 13. cxd5 Na5 14. Qxg7
Rf8 15. Bh6 Nb3 16. Rd1 Bf5 17. Qxf8+ Qxf8 18. Bxf8 Kxf8 19. e4 Bxe4 20. Bc4
Na5 21. Ba2 Rc8 22. f3 Bc2 23. Rc1 d3 24. Kd2 Ke7 25. Rhe1 Kd6 26. Re4 f5 27.
Rh4 Rg8 28. Rh6+ Kc5 29. Kc3 Rxg2 30. a4 Bxa4 31. b4+ Kb5 32. bxa5 Rxa2 33.
Kxd3 Kxa5 34. Rxh7 Bb5+ 35. Kc3 Ra3+ 36. Kb2 Kb4 37. Rxb7 Rb3+ 38. Kc2 Rc3+ 39.
Kb2 Rb3+ 40. Kc2 1/2-1/2

[Event "Waltrop- Annen"]
[Site "?"]
[Date "2023.04.16"]
[Round "7.2"]
[White "Winterberg, Andreas"]
[Black "Mainka, Gregor"]
[Result "1/2-1/2"]
[WhiteElo "1991"]
[BlackElo "2210"]
[PlyCount "94"]
[SourceDate "2022.10.02"]

1. e4 e6 2. d4 d5 3. Nc3 Bb4 4. Nge2 Nc6 5. a3 Ba5 6. b4 Bb6 7. Bb2 Nge7 8. Na4
O-O 9. Ng3 dxe4 10. Nxb6 axb6 11. Nxe4 e5 12. dxe5 Ng6 13. Qxd8 Rxd8 14. Bc4
Ngxe5 15. Bb3 Bf5 16. Ng3 Be6 17. b5 Nd4 18. Bxe6 fxe6 19. O-O-O c5 20. bxc6
Ndxc6 21. Rhe1 Nc4 22. Rxd8+ Nxd8 23. Rd1 Nc6 24. Rd7 Nxb2 25. Kxb2 Ne5 26.
Rxb7 Nc4+ 27. Kc3 Rc8 28. Kd3 Rc6 29. Nh5 Nxa3 30. Rxg7+ Kf8 31. Rxh7 Nxc2 32.
Rb7 Nb4+ 33. Ke4 Nd5 34. Ke5 Ne7 35. Nf4 Kf7 36. g4 Rc5+ 37. Ke4 Rc2 38. Nd3
Rc4+ 39. Ke3 Rc3 40. Kd4 Rb3 41. g5 e5+ 42. Nxe5+ Ke6 43. f4 Rb4+ 44. Kd3 Nd5
45. Ng6 Nxf4+ 46. Nxf4+ Rxf4 47. Rxb6+ Kf5 1/2-1/2

[Event "Waltrop- Annen"]
[Site "?"]
[Date "2023.04.16"]
[Round "7.3"]
[White "Dahlbeck, Mirko"]
[Black "Drewes, Martin"]
[Result "1-0"]
[WhiteElo "2032"]
[BlackElo "1942"]
[PlyCount "85"]
[SourceDate "2022.10.02"]

1. e4 e5 2. Nf3 Nc6 3. d4 exd4 4. c3 dxc3 5. Nxc3 d6 6. Bc4 Nf6 7. Qb3 Qd7 8.
Ng5 Ne5 9. Bb5 c6 10. f4 cxb5 11. fxe5 dxe5 12. Be3 a6 13. Rd1 Qe7 14. Bc5 Qc7
15. Bb6 Qc4 16. Rd8+ Ke7 17. Qd1 Qc6 18. Ba5 Qc5 19. a3 Qe3+ 20. Kf1 Qf4+ 21.
Nf3 Ke6 22. Qb3+ Ke7 23. Nd5+ Nxd5 24. Qxd5 Be6 25. Qxb7+ Kf6 26. Bd2 Rxd8 27.
Bxf4 exf4 28. g3 Rd1+ 29. Kg2 Rxh1 30. Kxh1 fxg3 31. e5+ Kf5 32. hxg3 g5 33.
Nd4+ Kxe5 34. Nxe6 Kxe6 35. Qxa6+ Bd6 36. Qxb5 Rb8 37. Qc4+ Kf6 38. Qd3 Be5 39.
b4 h5 40. b5 Ke6 41. Qc4+ Kf5 42. Qxf7+ Kg4 43. Kg2 1-0

[Event "Waltrop- Annen"]
[Site "?"]
[Date "2023.04.16"]
[Round "7.5"]
[White "Hartung, Thomas"]
[Black "Sehrbrock, Christoph"]
[Result "1-0"]
[WhiteElo "1912"]
[BlackElo "1970"]
[PlyCount "65"]
[SourceDate "2022.10.02"]

1. e4 c6 2. d4 d5 3. exd5 cxd5 4. c4 Nf6 5. Nc3 Nc6 6. Nf3 g6 7. c5 Bg7 8. Be3
O-O 9. Bd3 Ng4 10. O-O e5 11. Be2 Nxe3 12. fxe3 exd4 13. exd4 Bg4 14. Kh1 Bxf3
15. Bxf3 Bxd4 16. Bxd5 Bxc5 17. Qb3 Qc7 18. Ne4 Bd4 19. Ng5 Nd8 20. Qh3 h5 21.
Qd3 Qb6 22. Rac1 Kg7 23. Rc4 Bxb2 24. Rh4 Bf6 25. Rxh5 Bxg5 26. Rxg5 Ne6 27.
Rg4 Rad8 28. Qc3+ f6 29. Rb4 Qa6 30. Rxb7+ Kg8 31. Qc4 Qxc4 32. Bxc4 Rd6 33.
Re7 1-0

[Event "Waltrop- Annen"]
[Site "?"]
[Date "2023.04.16"]
[Round "7.6"]
[White "Schmidt, Sebastian"]
[Black "Jeschke, Holger"]
[Result "1-0"]
[WhiteElo "1731"]
[BlackElo "1911"]
[PlyCount "137"]
[SourceDate "2022.10.02"]

1. Nf3 Nf6 2. d4 g6 3. Bf4 Bg7 4. Nc3 d6 5. e4 O-O 6. Qd2 Nc6 7. Bh6 e5 8. d5
Nd4 9. O-O-O Bg4 10. Be2 Nxe2+ 11. Nxe2 Nxe4 12. Qe3 Bxh6 13. Qxh6 Bxf3 14.
gxf3 Qg5+ 15. Qxg5 Nxg5 16. Rd3 Rae8 17. Rc3 Re7 18. h4 Ne6 19. dxe6 fxe6 20.
Rg1 Ref7 21. Rg3 c6 22. Ng1 Rf5 23. Nh3 d5 24. Ng5 R8f6 25. Ra3 a6 26. Rb3 b5
27. Ra3 h6 28. Nh3 Kf7 29. Rxa6 Rxf3 30. Rxc6 Rxg3 31. fxg3 Rf1+ 32. Kd2 Kf6
33. Ke2 Rh1 34. Nf2 Rg1 35. g4 e4 36. Rc5 h5 37. gxh5 gxh5 38. Rxb5 Rg2 39. a4
Ke5 40. Rb3 d4 41. Kf1 Rg8 42. Rb5+ Kf4 43. Rxh5 Rc8 44. Rg5 Rxc2 45. Nh3+ Kf3
46. Ng1+ Ke3 47. Rg3+ Kf4 48. Ne2+ Rxe2 49. Kxe2 Kxg3 50. a5 d3+ 51. Kd2 Kf2
52. a6 e3+ 53. Kxd3 e2 54. a7 e1=Q 55. a8=Q Qd1+ 56. Kc3 Qc1+ 57. Kb3 Qd1+ 58.
Ka2 Kg3 59. Qe4 Qd6 60. h5 Qa6+ 61. Kb1 Qf1+ 62. Kc2 Qf2+ 63. Kb3 Qb6+ 64. Qb4
Qa6 65. h6 Qa7 66. Qe1+ Kf4 67. Qxe6 Qb7+ 68. Kc3 Qc7+ 69. Qc4+ 1-0

[Event "Waltrop- Annen"]
[Site "?"]
[Date "2023.04.16"]
[Round "7.7"]
[White "Zadow, Ralf"]
[Black "Dunsche, Daniel"]
[Result "0-1"]
[WhiteElo "1839"]
[BlackElo "1829"]
[PlyCount "150"]
[SourceDate "2022.10.02"]

1. e4 c6 2. c4 d5 3. cxd5 cxd5 4. exd5 Nf6 5. Bb5+ Nbd7 6. Qf3 g6 7. Ne2 Bg7 8.
Nbc3 O-O 9. Nf4 Nb6 10. d3 Bg4 11. Qg3 Nbxd5 12. Ncxd5 Nxd5 13. O-O Bf5 14. Qf3
Nxf4 15. Bxf4 Qa5 16. Bc4 b5 17. Bd5 Rad8 18. Rac1 Rd7 19. g4 Bxg4 20. Bxf7+
Rxf7 21. Rc8+ Bf8 22. Qxg4 Rd4 23. Rxf8+ Rxf8 24. Qe6+ Rf7 25. Be5 Rd8 26. d4
Qd2 27. f4 Qe3+ 28. Rf2 Qe1+ 29. Rf1 Qe4 30. f5 Qd5 31. Qxd5 Rxd5 32. fxg6
Rxf1+ 33. Kxf1 hxg6 34. Ke2 Kf7 35. Kd3 Ke6 36. Ke4 Rd8 37. a3 a5 38. Bc7 Ra8
39. d5+ Kd7 40. Be5 a4 41. Kd4 Rc8 42. Ke4 Rc4+ 43. Kd3 Ke8 44. Ke3 Kf7 45. Bd4
g5 46. Kd3 g4 47. Ke3 Kg6 48. Ke4 Rc2 49. Be5 Re2+ 50. Kf4 Rxh2 51. Kxg4 Rd2
52. Kf4 Rxd5 53. Bc3 e6 54. Ke4 Kf7 55. Bb4 Ke8 56. Bc3 Kd7 57. Bb4 Kc6 58. Ke3
Rh5 59. Kd4 Rh2 60. Bc3 Rh5 61. Bb4 Rg5 62. Bc3 e5+ 63. Ke4 Kd6 64. Bb4+ Ke6
65. Bc3 Rg4+ 66. Ke3 Kd5 67. Kf3 Rh4 68. Ke3 Rh3+ 69. Kd2 e4 70. Ke2 Kc4 71.
Bg7 Kb3 72. Bf6 Rh2+ 73. Ke3 Rxb2 74. Be7 Ra2 75. Kxe4 Rxa3 0-1

[Event "Gladbeck- Brackel 3"]
[Site "?"]
[Date "2023.04.16"]
[Round "7.1"]
[White "Bree, Thomas"]
[Black "Hassenrueck, Helmut"]
[Result "1-0"]
[WhiteElo "2195"]
[BlackElo "2153"]
[PlyCount "89"]
[SourceDate "2022.10.02"]

1. d4 Nf6 2. Bg5 d5 3. Nd2 c5 4. e3 Nc6 5. c3 cxd4 6. exd4 Bf5 7. Qb3 Qd7 8.
Ngf3 e6 9. Nh4 Bg6 10. Nxg6 hxg6 11. Bd3 Bd6 12. h3 a6 13. O-O Rh5 14. Bxf6
gxf6 15. Rfe1 O-O-O 16. Rad1 Rdh8 17. Be2 R5h6 18. Bf3 f5 19. Kf1 g5 20. Ke2
Rh4 21. Kd3 Na5 22. Qb6 Bc7 23. Qc5 b6 24. Qa3 Bd6 25. b4 Kb7 26. Kc2 Rc8 27.
Kb1 Qb5 28. Be2 Nc4 29. Nxc4 dxc4 30. Bf3+ Kb8 31. Qb2 g4 32. hxg4 fxg4 33. Be4
f5 34. Bc2 Qd5 35. Qc1 g3 36. fxg3 Bxg3 37. Re2 Bf4 38. Qa3 Kb7 39. b5 Qxb5+
40. Ka1 Qd7 41. d5 Qd6 42. Qxd6 Bxd6 43. dxe6 Kc6 44. e7 Re8 45. Re6 1-0

[Event "Gladbeck- Brackel 3"]
[Site "?"]
[Date "2023.04.16"]
[Round "7.2"]
[White "Frohne, Gerd"]
[Black "Skabs, Denis"]
[Result "0-1"]
[WhiteElo "2103"]
[BlackElo "2021"]
[PlyCount "102"]
[SourceDate "2022.10.02"]

1. d4 d5 2. c4 e6 3. Nc3 c5 4. cxd5 cxd4 5. Qxd4 Nc6 6. Qd1 exd5 7. e3 Nf6 8.
Nf3 Bc5 9. Be2 O-O 10. O-O a6 11. a3 Qd6 12. b4 Bb6 13. Bb2 Bg4 14. b5 Ne7 15.
bxa6 bxa6 16. Na4 Ba7 17. Be5 Qe6 18. Bd4 Bxf3 19. Bxf3 Ne4 20. Bxa7 Rxa7 21.
Rc1 Ng6 22. Nc5 Qf5 23. Bg4 Qg5 24. f4 Qe7 25. Qd4 Nf6 26. Be2 a5 27. a4 Raa8
28. g3 Rfd8 29. Bf3 Rab8 30. Rb1 Rdc8 31. Na6 Ra8 32. Rb6 Nd7 33. Bxd5 Nxb6 34.
Qxb6 Qa7 35. Qxa5 Qxe3+ 36. Kh1 Qd3 37. Qb5 Qxb5 38. axb5 Ra7 39. Rb1 Ne7 40.
Bg2 Nf5 41. Nb4 Rac7 42. Nc6 Ne7 43. b6 Rxc6 44. Bxc6 Nxc6 45. Rc1 Kf8 46. b7
Rb8 47. Rxc6 Rxb7 48. Kg2 Rb2+ 49. Kg1 g6 50. Ra6 Kg7 51. Rb6 Rxb6 0-1

[Event "Gladbeck- Brackel 3"]
[Site "?"]
[Date "2023.04.16"]
[Round "7.4"]
[White "Kruse, Peter"]
[Black "Althoff, Ralph"]
[Result "0-1"]
[WhiteElo "1952"]
[BlackElo "1951"]
[PlyCount "72"]
[SourceDate "2022.10.02"]

1. e4 c5 2. Nf3 Nc6 3. d4 cxd4 4. Nxd4 Nf6 5. Nc3 g6 6. Nxc6 dxc6 7. Qxd8+ Kxd8
8. Bc4 Bg7 9. a4 Ng4 10. h3 Bxc3+ 11. bxc3 Ne5 12. Bb3 f6 13. Bh6 b5 14. axb5
Kc7 15. O-O cxb5 16. Bf4 a5 17. Rfd1 Bb7 18. f3 a4 19. Bd5 Rhd8 20. c4 Bxd5 21.
cxd5 Kd6 22. Rdb1 Rab8 23. Bd2 Rdc8 24. Bb4+ Kd7 25. Ra2 Rc4 26. Kf1 Rbc8 27.
Rbb2 f5 28. exf5 gxf5 29. Ba3 Rb8 30. Bb4 Rd4 31. Bc3 Rxd5 32. Rxa4 bxa4 33.
Rxb8 Nc6 34. Ra8 Rc5 35. Be1 Rc4 36. c3 Kc7 0-1